000
00327nam a2200133 a 4500
005
20140414093838.0
008
110322s19uu xx uuu eng d
050
_a
CT
_b
HAW
245
_a
Hawaiian melodies :
_b
vol. 2.
260
_a
Philippines :
_b
D' Concorde Recording.
650
_a
Dance
942
_c
AVM
999
_c
109143
_d
109143